Normal view
MARC view
- Islam- Family System
Entry Topical Term
001 - CONTROL NUMBER
- control field: 93058
003 - CONTROL NUMBER IDENTIFIER
- control field: NUST
005 - DATE AND TIME OF LATEST TRANSACTION
- control field: 20220705163909.0
008 - FIXED-LENGTH DATA ELEMENTS
- fixed length control field: 220705|| aca||aabn | a|a d
040 ## - CATALOGING SOURCE
- Original cataloging agency: NUST
- Transcribing agency: NUST
150 ## - HEADING--TOPICAL TERM
- Topical term or geographic name entry element: Islam- Family System
670 ## - SOURCE DATA FOUND
- Source citation: Work cat.: (NUST): Assal, Ahmed El. 93057, Islam ka khandani nizam /, 2015.
